00926nam a2200205 a 450000100100000000500170001000800410002704000250006808200150009310000300010824501600013826000550029830000320035350000230038550400410040870000390044970000350048895201800052399900170070300004505820201002045837.0150130s1974 ph a 000 0 spa d aDO-SdBNPbspacBNPHU axxxxbxxxx1 aPeter Bleuel, Hans97306710aSex and society in Nazi Germany /cHans Peter Bleuel ; edited and with a preface by Heinrich Fraenkel ; translated from the German by J. Maxwell Brownjohn. aPhiladelphia, Pennsylvania :bBantam Books,c1974. aix, 364 p. :bil. ;c18 cm. aDas saubere Reich. aIncludes bibliographical references.1 aBrownjohn, J. Maxwell,etr.9730681 aHeinrich Fraenkel,eed.973069 001050718MOaGRbGRcCTd2015-01-30iLF1l0oxxxx xxxxp45058-10r2020-06-25w2020-06-25y1zPerteneció a la biblioteca personal de Germán Emilio Ornes.ZNo se presta c44547d44547